| 000 | 01330nam a2200361 a 4500 | ||
|---|---|---|---|
| 001 | 000112069 | ||
| 003 | CHAP | ||
| 005 | 20220329144245.0 | ||
| 008 | 151202s2015 mx a fsm |||||||spa d | ||
| 010 | _a108530 | ||
| 011 | _a109502 | ||
| 040 | _cCHAP | ||
| 090 | _aTesis | ||
| 100 | 1 |
_aRosales Martínez, Dolores Mario _9130183 |
|
| 245 | 1 | 0 |
_aDiseño de una sembradora de trigo acoplada a un minitractor / _h[En línea] _cpor Dolores Mario Rosales Martínez y Rogelio Cornejo Solís. |
| 260 |
_aChapingo, Méx. : _bEl autor, _c2015. |
||
| 500 | _aPara ver el contenido del material haga clic en la liga | ||
| 502 | _aTesis (Ing. Mecánico Agrícola) -- UACH. Ingeniería Mecánica Agrícola | ||
| 590 |
_aE6096MTM _b05 _c20151202 _lUCH01 _h0830 |
||
| 590 |
_aE6096MTM _b05 _c20151202 _lUCH01 _h0830 |
||
| 590 |
_aE6096MTM _b05 _c20151202 _lUCH01 _h0839 |
||
| 590 |
_aE6096MTM _b05 _c20151202 _lUCH01 _h0839 |
||
| 590 |
_aE6096MTM _b05 _c20151202 _lUCH01 _h0944 |
||
| 590 |
_aE6096MTM _b05 _c20151202 _lUCH01 _h0944 |
||
| 650 | 1 | 4 |
_aDiseño en ingeniería. _932730 |
| 650 | 1 | 4 |
_aMaquinaria agrícola _xDiseño. _971168 |
| 650 | 1 | 4 |
_aSembradoras. _9103854 |
| 700 | 1 |
_aCornejo Solis, Rogelio _9130184 |
|
| 856 |
_aFinding aid _uhttp://10.13.5.2/tesis/sist112069.pdf _zTeclea aquí |
||
| 901 | _aBK | ||
| 942 | _cTESIS | ||
| 942 | _n0 | ||
| 999 |
_c108530 _d108530 |
||